Disney knowledge quiz - Statistics

General Stats
  • This quiz has been taken 12 times
  • The average score is 6 of 10
Answer Stats
Question Answer % Correct
What was the first Disney movie released to the public? Snow White and the seven dwarfs
100%
Finally, why did Walt Disney fail the first time? Bankruptcy
75%
What Disney world park has made the most revenue? Magic kingdom
75%
Was Disney world the first opened Disney park? No
75%
What year did Disney LAND open? 1955
63%
How much did a ticket cost to get into Disney world cost in 1971? $3.50
63%
Who wrote the Disney channel jingle? Alex Laserenko
38%
Who was the first person to play Mickey Mouse at Disney parks? Doug parks
38%
What was disneys first partnership with another streaming company? Hulu
38%
Who opened Disney WORLD? Walt Disney
38%
No matching quizzes found
Score Distribution
Percent of People with Each Score
Percentile by Number Answered
Your Score History
You have not taken this quiz